000 01050cam a22003617a 4500
003 CHAP
005 20220817043318.0
008 971013s1993 r 00010 d
010 _a71473
011 _a72445
035 _a82000
040 _cCHAP
082 _a301.35
_bF38
110 _aFAO
245 0 _aDesign of poverty alleviation strategy in rural areas
260 _aRome :
_bFAO,
_c1993
300 _a234 p.
410 _aFAO
490 0 _aDesarrollo económico y social
_v; 115
590 _aBATCH-UPD
_b10
_c20130110
_lUCH01
_h0829
590 _aBATCH-UPD
_b10
_c20130410
_lUCH01
_h0507
590 _aBATCH-UPD
_b10
_c20130914
_lUCH01
_h1026
590 _aCONVERSION
_b10
_c20130109
_lUCH01
_h1339
650 1 4 _aCondiciones rurales.
_926326
650 1 4 _aDesarrollo rural.
_932067
650 1 4 _aVida rural.
_9119152
700 0 _aGaiha, R.
_944172
810 0 _aFAO
830 0 0 _aDesarrollo económico y social
_v; 115
_932058
901 _aBK
942 _cLIBRO
949 _a301.35 F38
_bBC
_cFAO
_d-35786
_eFAO1
_h86709
_i82000
_mD
_si
999 _c71473
_d71473